[Event "7. Arber-Senioren-Cup 2019"]
[Site "Bodenmais"]
[Date "2019.07.30"]
[Round "4.6"]
[White "Gottwald, Helmut"]
[Black "Puehn, Georg"]
[Result "0-1"]
[WhiteElo "1579"]
[BlackElo "1990"]
[Annotator "NA"]
[PlyCount "170"]
[EventDate "2019.07.27"]
[EventType "swiss"]
[EventCountry "GER"]
[SourceTitle "playchess.com"]
[Source "ChessBase"]
[SourceQuality "1"]
[TimeControl "5400+30"]

1. Nf3 {[%emt 0:00:00]} d5 {[%emt 0:00:00]} 2. d4 {[%emt 0:00:00]} Nf6 {[%emt 0:00:00]} 3. e3 {[%emt 0:00:00]} e6 {[%emt 0:00:00]} 4. c4 {[%emt 0:00:00]} Be7 {[%emt 0:00:00]} 5. Nc3 {[%emt 0:00:00]} O-O {[%emt 0:00:00]} 6. Bd3 {[%emt 0:00:00]} b6 {[%emt 0:00:00]} 7. Qc2 {[%emt 0:00:00]} Bb7 {[%emt 0:00:00]} 8. cxd5 exd5 9. Ng5 {[%emt 0:00:00]} h6 {[%emt 0:00:00]} 10. Nh7 {[%emt 0:00:00]} Re8 {[%emt 0:00:00]} 11. Nxf6+ {[%emt 0:00:00]} Bxf6 {[%emt 0:00:00]} 12. O-O {[%emt 0:00:00]} a6 {[%emt 0:00:00]} 13. Bd2 {[%emt 0:00:00]} Nd7 {[%emt 0:05:19]} 14. Rfe1 {[%emt 0:00:00]} c5 {[%emt 0:04:20]} 15. dxc5 {[%emt 0:00:00]} Nxc5 {[%emt 0:02:19]} 16. Bf1 {[%emt 0:11:04]} Rc8 {[%emt 0:05:13]} 17. Qd1 {[%emt 0:20:10]} b5 {[%emt 0:09:49]} 18. a3 {[%emt 0:05:26]} Ne4 {[%emt 0:15:47]} 19. Rc1 {[%emt 0:06:46]} Nxd2 {[%emt 0:15:18]} 20. Qxd2 {[%emt 0:00:10]} d4 {[%emt 0:02:40]} 21. exd4 {[%emt 0:09:44]} Qxd4 {[%emt 0:02:34]} 22. Qxd4 {[%emt 0:06:29]} Bxd4 {[%emt 0:00:25]} 23. Rxe8+ {[%emt 0:02:52]} Rxe8 {[%emt 0:00:14]} 24. Rd1 {[%emt 0:07:59]} Bf6 {[%emt 0:06:15]} 25. Rd7 {[%emt 0:09:33]} Re7 {[%emt 0:01:47]} 26. Rd8+ {[%emt 0:04:44]} Kh7 {[%emt 0:00:18]} 27. Nd5 {[%emt 0:03:48]} Bxd5 {[%emt 0:02:39]} 28. Rxd5 {[%emt 0:00:09]} Bxb2 {[%emt 0:00:15]} 29. Rd3 {[%emt 0:03:18]} Re1 {[%emt 0:04:00]} 30. Rb3 {[%emt 0:01:00]} Bd4 31. a4 {[%emt 0:04:01]} bxa4 {[%emt 0:08:21]} 32. Ra3 {[%emt 0:01:38]} Rd1 {[%emt 0:04:40]} 33. Rd3 {[%emt 0:02:36]} Rxd3 {[%emt 0:02:15]} 34. Bxd3+ {[%emt 0:00:06]} Kg8 {[%emt 0:01:02]} 35. Bxa6 {[%emt 0:00:31]} Kf8 {[%emt 0:00:30]} 36. Kf1 {[%emt 0:00:50]} Ke7 {[%emt 0:00:35]} 37. Ke2 {[%emt 0:00:29]} Kd6 {[%emt 0:00:41]} 38. Bc4 {[%emt 0:00:26]} f6 {[%emt 0:01:35]} 39. f3 {[%emt 0:01:38]} Kc5 {[%emt 0:02:05]} 40. Kd3 {[%emt 0:00:40]} Bg1 {[%emt 0:01:24]} 41. h3 {[%emt 0:00:12]} Bh2 {[%emt 0:02:54]} 42. Bf7 {[%emt 0:00:29]} f5 {[%emt 0:03:20]} 43. Ke3 {[%emt 0:01:28]} Be5 {[%emt 0:01:32]} 44. Be6 {[%emt 0:00:52]} g6 {[%emt 0:01:07]} 45. Bf7 {[%emt 0:01:47]} a3 {[%emt 0:00:30]} 46. g4 {[%emt 0:00:57]} fxg4 {[%emt 0:00:44]} 47. fxg4 {[%emt 0:00:22]} g5 {[%emt 0:00:16]} 48. Ke4 {[%emt 0:00:13]} Bg7 {[%emt 0:00:14]} 49. Kf5 {[%emt 0:00:12]} Kd4 {[%emt 0:00:30]} 50. Kg6 {[%emt 0:00:17]} Bf8 {[%emt 0:00:08]} 51. Kh7 {[%emt 0:00:12]} Ke3 {[%emt 0:00:11]} 52. Kg8 {[%emt 0:00:10]} Be7 {[%emt 0:00:08]} 53. Kg7 {[%emt 0:00:22]} Kf3 {[%emt 0:00:02]} 54. Kxh6 {[%emt 0:00:39]} Kg3 {[%emt 0:00:08]} 55. Be6 {[%emt 0:00:56]} Kxh3 {[%emt 0:00:30]} 56. Kg6 {[%emt 0:00:19]} Kh4 {[%emt 0:00:14]} 57. Kf5 {[%emt 0:00:38]} Bd6 {[%emt 0:01:58]} 58. Ba2 {[%emt 0:00:24]} Bf4 {[%emt 0:00:13]} 59. Be6 {[%emt 0:00:41]} Kg3 {[%emt 0:00:16]} 60. Ke4 {[%emt 0:01:00]} Kf2 {[%emt 0:01:00]} 61. Bd5 {[%emt 0:00:41]} Ke2 {[%emt 0:00:23]} 62. Kd4 {[%emt 0:00:32]} Kd2 {[%emt 0:00:11]} 63. Bc4 {[%emt 0:00:40]} Kc2 {[%emt 0:00:56]} 64. Be6 Kb2 {[%emt 0:00:14]} 65. Kd3 {[%emt 0:00:37]} a2 {[%emt 0:00:09]} 66. Bxa2 {[%emt 0:00:08]} Kxa2 {[%emt 0:00:05]} 67. Kc2 {[%emt 0:00:11]} Be5 {[%emt 0:00:22]} 68. Kd2 {[%emt 0:00:16]} Kb3 {[%emt 0:00:15]} 69. Kd3 {[%emt 0:00:17]} Bf4 {[%emt 0:00:19]} 70. Ke4 {[%emt 0:00:49]} Kc4 {[%emt 0:00:10]} 71. Kf3 {[%emt 0:00:15]} Kd4 {[%emt 0:00:50]} 72. Kf2 {[%emt 0:00:34]} Ke4 {[%emt 0:00:23]} 73. Kg2 {[%emt 0:00:33]} Bd6 {[%emt 0:00:39]} 74. Kf2 {[%emt 0:01:59]} Kf4 {[%emt 0:00:09]} 75. Kf1 {[%emt 0:00:30]} Kxg4 {[%emt 0:00:24]} 76. Kg2 {[%emt 0:00:04]} Kf4 {[%emt 0:00:34]} 77. Kh2 {[%emt 0:00:57]} Kf3+ {[%emt 0:01:30]} 78. Kh1 {[%emt 0:00:45]} Bc5 {[%emt 0:01:02]} 79. Kh2 {[%emt 0:00:24]} g4 {[%emt 0:00:50]} 80. Kh1 {[%emt 0:00:10]} Bd6 {[%emt 0:00:45]} 81. Kg1 {[%emt 0:00:16]} Kg3 {[%emt 0:00:14]} 82. Kh1 {[%emt 0:00:10]} Kf3 {[%emt 0:01:14]} 83. Kg1 {[%emt 0:00:15]} g3 {[%emt 0:00:07]} 84. Kh1 {[%emt 0:00:11]} g2+ {[%emt 0:00:20]} 85. Kg1 {[%emt 0:00:05]} Bc5+ {[%emt 0:00:15]} 0-1

[Event "7. Arber-Senioren-Cup 2019"]
[Site "Bodenmais"]
[Date "2019.07.30"]
[Round "4.7"]
[White "Hilbig, Dieter"]
[Black "Kuempers, Ulrich"]
[Result "0-1"]
[WhiteElo "1943"]
[BlackElo "2030"]
[Annotator "NA"]
[PlyCount "90"]
[EventDate "2019.07.27"]
[EventType "swiss"]
[EventCountry "GER"]
[SourceTitle "playchess.com"]
[Source "ChessBase"]
[SourceQuality "1"]
[TimeControl "5400+30"]

1. e4 {[%emt 0:00:00]} c6 {[%emt 0:00:00]} 2. d4 {[%emt 0:00:00]} d5 {[%emt 0:00:00]} 3. exd5 {[%emt 0:00:00]} cxd5 {[%emt 0:00:00]} 4. Bd3 {[%emt 0:00:00]} Nc6 {[%emt 0:00:00]} 5. c3 {[%emt 0:00:00]} Nf6 {[%emt 0:00:00]} 6. Bf4 {[%emt 0:00:00]} Bg4 {[%emt 0:00:00]} 7. Nf3 {[%emt 0:00:00]} e6 {[%emt 0:00:00]} 8. Qb3 {[%emt 0:00:00]} Qc8 {[%emt 0:00:00]} 9. Nbd2 {[%emt 0:00:00]} Be7 {[%emt 0:00:00]} 10. O-O {[%emt 0:00:00]} O-O {[%emt 0:00:00]} 11. Qc2 {[%emt 0:00:00]} g6 {[%emt 0:00:00]} 12. Ne5 {[%emt 0:00:00]} Bf5 {[%emt 0:00:00]} 13. Ndf3 {[%emt 0:00:00]} Nb4 14. cxb4 {[%emt 0:00:00]} Qxc2 {[%emt 0:00:00]} 15. Bxc2 {[%emt 0:00:00]} Bxc2 {[%emt 0:00:00]} 16. Rac1 {[%emt 0:00:00]} Rfc8 {[%emt 0:00:00]} 17. Ng5 {[%emt 0:00:00]} Nh5 {[%emt 0:00:00]} 18. Bd2 {[%emt 0:03:22]} f6 {[%emt 0:00:00]} 19. Nxg6 {[%emt 0:01:20]} hxg6 {[%emt 0:00:00]} 20. Nxe6 {[%emt 0:00:09]} Bf5 {[%emt 0:00:00]} 21. Nc7 {[%emt 0:00:49]} Rab8 {[%emt 0:00:00]} 22. Nxd5 {[%emt 0:00:13]} Bd6 {[%emt 0:03:23]} 23. f3 {[%emt 0:07:46]} Be6 {[%emt 0:00:53]} 24. Ne3 {[%emt 0:09:35]} Nf4 {[%emt 0:04:49]} 25. Rxc8+ {[%emt 0:03:25]} Rxc8 {[%emt 0:00:14]} 26. Kf2 {[%emt 0:00:18]} Nd3+ {[%emt 0:01:24]} 27. Kg1 {[%emt 0:00:32]} Bxa2 {[%emt 0:17:35]} 28. Ng4 {[%emt 0:12:08]} f5 {[%emt 0:13:38]} 29. Ra1 {[%emt 0:00:36]} Bxb4 {[%emt 0:08:12]} 30. Nf6+ {[%emt 0:01:30]} Kf7 {[%emt 0:05:08]} 31. Bg5 {[%emt 0:01:56]} Be7 {[%emt 0:05:31]} 32. Rxa2 {[%emt 0:02:07]} Bxf6 {[%emt 0:00:12]} 33. h4 {[%emt 0:01:44]} Bxd4+ {[%emt 0:01:48]} 34. Kh2 {[%emt 0:01:30]} Nxb2 {[%emt 0:01:27]} 35. Ra5 {[%emt 0:00:47]} Bb6 {[%emt 0:03:58]} 36. Rd5 {[%emt 0:00:28]} Ke6 {[%emt 0:04:47]} 37. Rd2 {[%emt 0:00:17]} Nc4 {[%emt 0:00:24]} 38. Re2+ {[%emt 0:00:14]} Kd5 {[%emt 0:00:03]} 39. Re7 {[%emt 0:00:25]} Bc7+ {[%emt 0:09:55]} 40. Kh3 {[%emt 0:00:50]} b5 {[%emt 0:03:30]} 41. Rd7+ {[%emt 0:01:43]} Kc5 {[%emt 0:03:47]} 42. Rg7 {[%emt 0:00:17]} b4 {[%emt 0:01:47]} 43. Rxg6 {[%emt 0:01:55]} b3 {[%emt 0:00:47]} 44. Be7+ {[%emt 0:01:07]} Bd6 {[%emt 0:01:05]} 45. Bf6 {[%emt 0:01:35]} Be5 {[%emt 0:02:53]} 0-1

[Event "7. Arber-Senioren-Cup 2019"]
[Site "Bodenmais"]
[Date "2019.07.30"]
[Round "4.8"]
[White "Waltenberger, Udo"]
[Black "Augustin, Christian"]
[Result "1-0"]
[WhiteElo "1986"]
[BlackElo "1971"]
[Annotator "NA"]
[PlyCount "43"]
[EventDate "2019.07.27"]
[EventType "swiss"]
[EventCountry "GER"]
[SourceTitle "playchess.com"]
[Source "ChessBase"]
[SourceQuality "1"]
[TimeControl "5400+30"]

1. d4 {[%emt 0:00:00]} b6 {[%emt 0:00:00]} 2. Nf3 {[%emt 0:00:00]} Bb7 {[%emt 0:00:00]} 3. g3 {[%emt 0:00:00]} e6 {[%emt 0:00:00]} 4. Bg2 {[%emt 0:00:00]} Ne7 {[%emt 0:00:00]} 5. O-O {[%emt 0:00:00]} d6 {[%emt 0:00:00]} 6. c4 {[%emt 0:00:00]} Nd7 {[%emt 0:00:00]} 7. b3 {[%emt 0:00:00]} g6 {[%emt 0:00:00]} 8. Bb2 {[%emt 0:00:00]} Bg7 {[%emt 0:00:00]} 9. Nc3 {[%emt 0:00:00]} a6 {[%emt 0:00:00]} 10. Qc2 {[%emt 0:00:00]} O-O {[%emt 0:00:00]} 11. e4 {[%emt 0:00:00]} c5 {[%emt 0:00:00]} 12. d5 {[%emt 0:00:00]} e5 {[%emt 0:00:00]} 13. Rae1 {[%emt 0:00:00]} f5 {[%emt 0:00:00]} 14. Ng5 {[%emt 0:00:00]} Rf6 {[%emt 0:00:00]} 15. Ne6 {[%emt 0:00:00]} Qc8 {[%emt 0:00:00]} 16. f4 {[%emt 0:00:00]} Rf7 {[%emt 0:00:00]} 17. exf5 {[%emt 0:00:25]} gxf5 18. Nxg7 {[%emt 0:16:31]} Rxg7 {[%emt 0:03:41]} 19. fxe5 {[%emt 0:00:14]} Nxe5 {[%emt 0:00:12]} 20. Na4 {[%emt 0:00:30]} Qc7 {[%emt 0:01:05]} 21. Bxe5 {[%emt 0:00:33]} dxe5 {[%emt 0:00:13]} 22. d6 {[%emt 0:00:17]} 1-0

[Event "7. Arber-Senioren-Cup 2019"]
[Site "Bodenmais"]
[Date "2019.07.30"]
[Round "4.9"]
[White "Schuster, Herbert"]
[Black "Greul, Hans"]
[Result "0-1"]
[WhiteElo "1774"]
[BlackElo "2009"]
[Annotator "NA"]
[PlyCount "106"]
[EventDate "2019.07.27"]
[EventType "swiss"]
[EventCountry "GER"]
[SourceTitle "playchess.com"]
[Source "ChessBase"]
[SourceQuality "1"]
[TimeControl "5400+30"]

1. e4 {[%emt 0:00:00]} e6 {[%emt 0:00:00]} 2. Nf3 {[%emt 0:00:00]} d5 {[%emt 0:00:00]} 3. exd5 {[%emt 0:00:00]} exd5 {[%emt 0:00:00]} 4. d4 {[%emt 0:00:00]} Nf6 {[%emt 0:00:00]} 5. Bg5 {[%emt 0:00:00]} Bd6 {[%emt 0:00:00]} 6. Bd3 {[%emt 0:00:00]} O-O {[%emt 0:00:00]} 7. O-O {[%emt 0:00:00]} Bg4 {[%emt 0:00:00]} 8. Nbd2 {[%emt 0:00:00]} Nbd7 {[%emt 0:00:00]} 9. h3 {[%emt 0:00:00]} Bh5 {[%emt 0:00:00]} 10. c3 {[%emt 0:00:00]} c6 {[%emt 0:00:00]} 11. Qc2 {[%emt 0:00:00]} Qc7 {[%emt 0:00:00]} 12. Rfe1 {[%emt 0:00:00]} Rfe8 {[%emt 0:00:00]} 13. Bxf6 {[%emt 0:00:00]} Nxf6 {[%emt 0:00:00]} 14. Ng5 {[%emt 0:00:00]} Bg6 {[%emt 0:00:00]} 15. Bxg6 {[%emt 0:00:00]} hxg6 {[%emt 0:00:00]} 16. Rxe8+ {[%emt 0:00:00]} Rxe8 {[%emt 0:00:00]} 17. Ndf3 {[%emt 0:00:00]} Bf4 {[%emt 0:00:00]} 18. g3 {[%emt 0:00:00]} Bd6 {[%emt 0:00:00]} 19. Re1 {[%emt 0:00:00]} Rxe1+ {[%emt 0:00:00]} 20. Nxe1 {[%emt 0:00:00]} Bxg3 {[%emt 0:00:00]} 21. Nef3 {[%emt 0:01:24]} Bf4 {[%emt 0:00:00]} 22. Qe2 {[%emt 0:00:34]} Bxg5 {[%emt 0:00:00]} 23. Nxg5 {[%emt 0:00:22]} Qf4 {[%emt 0:00:00]} 24. Qe3 {[%emt 0:01:37]} Qf5 {[%emt 0:00:00]} 25. Qe5 {[%emt 0:02:34]} Qxe5 {[%emt 0:00:00]} 26. dxe5 {[%emt 0:00:33]} Ne8 {[%emt 0:00:00]} 27. e6 {[%emt 0:05:12]} f6 {[%emt 0:00:00]} 28. Nf7 {[%emt 0:00:24]} Kf8 {[%emt 0:00:00]} 29. Nh8 {[%emt 0:01:44]} Ke7 {[%emt 0:00:00]} 30. Nxg6+ {[%emt 0:00:21]} Kxe6 {[%emt 0:00:00]} 31. Kg2 {[%emt 0:00:48]} Nd6 {[%emt 0:00:49]} 32. Kf3 {[%emt 0:01:08]} Nc4 {[%emt 0:01:14]} 33. Nf4+ {[%emt 0:00:55]} Kf5 {[%emt 0:00:31]} 34. Nh5 {[%emt 0:01:57]} g5 {[%emt 0:02:52]} 35. b3 {[%emt 0:01:43]} Nd2+ {[%emt 0:03:59]} 36. Ke3 {[%emt 0:00:40]} Ne4 {[%emt 0:00:26]} 37. c4 {[%emt 0:03:38]} d4+ {[%emt 0:02:13]} 38. Kxd4 Nxf2 39. Ng7+ {[%emt 0:03:48]} Kf4 {[%emt 0:03:35]} 40. Nh5+ {[%emt 0:00:20]} Kf5 {[%emt 0:14:23]} 41. Ng7+ {[%emt 0:02:10]} Kg6 {[%emt 0:00:59]} 42. Ne6 {[%emt 0:00:23]} Nxh3 {[%emt 0:02:07]} 43. Nd8 {[%emt 0:00:22]} Nf4 {[%emt 0:06:03]} 44. Nxb7 {[%emt 0:00:54]} Ne6+ {[%emt 0:00:09]} 45. Ke3 {[%emt 0:01:13]} f5 {[%emt 0:00:21]} 46. Nd6 {[%emt 0:00:25]} g4 {[%emt 0:04:25]} 47. Nc8 {[%emt 0:00:43]} f4+ {[%emt 0:02:44]} 48. Kf2 {[%emt 0:01:48]} Kg5 {[%emt 0:01:11]} 49. Nd6 {[%emt 0:02:15]} g3+ {[%emt 0:00:19]} 50. Kg1 {[%emt 0:06:34]} f3 {[%emt 0:00:41]} 51. Ne4+ {[%emt 0:01:11]} Kf4 {[%emt 0:00:12]} 52. Nd2 {[%emt 0:00:46]} Nd4 {[%emt 0:00:53]} 53. Kh1 {[%emt 0:05:48]} Ne2 {[%emt 0:02:11]} 0-1

[Event "7. Arber-Senioren-Cup 2019"]
[Site "Bodenmais"]
[Date "2019.07.30"]
[Round "4.11"]
[White "Kurka, Dieter"]
[Black "Zwetz, Anita"]
[Result "1-0"]
[WhiteElo "2006"]
[BlackElo "1828"]
[Annotator "NA"]
[PlyCount "63"]
[EventDate "2019.07.27"]
[EventType "swiss"]
[EventCountry "GER"]
[SourceTitle "playchess.com"]
[Source "ChessBase"]
[SourceQuality "1"]
[TimeControl "5400+30"]

1. d4 {[%emt 0:00:00]} d5 {[%emt 0:00:00]} 2. Bf4 {[%emt 0:00:00]} c6 {[%emt 0:00:00]} 3. e3 {[%emt 0:00:00]} Nf6 {[%emt 0:00:00]} 4. c4 {[%emt 0:00:00]} e6 {[%emt 0:00:00]} 5. Nc3 {[%emt 0:00:00]} Nbd7 {[%emt 0:00:00]} 6. Nf3 {[%emt 0:00:00]} Qa5 {[%emt 0:00:00]} 7. Qc2 {[%emt 0:00:00]} Bb4 {[%emt 0:00:00]} 8. Nd2 {[%emt 0:00:00]} Nh5 {[%emt 0:00:00]} 9. Bg3 {[%emt 0:00:00]} Nxg3 {[%emt 0:00:00]} 10. hxg3 {[%emt 0:00:00]} Nf6 {[%emt 0:00:00]} 11. Be2 {[%emt 0:00:00]} Bd7 {[%emt 0:00:00]} 12. g4 {[%emt 0:00:00]} O-O-O {[%emt 0:02:42]} 13. g5 {[%emt 0:00:00]} Ne4 {[%emt 0:03:09]} 14. Ndxe4 {[%emt 0:00:00]} dxe4 {[%emt 0:00:07]} 15. c5 {[%emt 0:00:00]} e5 {[%emt 0:01:03]} 16. O-O {[%emt 0:00:00]} exd4 {[%emt 0:04:52]} 17. Nxe4 {[%emt 0:00:00]} Be6 {[%emt 0:05:31]} 18. a3 {[%emt 0:00:00]} dxe3 {[%emt 0:02:05]} 19. axb4 {[%emt 0:00:00]} exf2+ {[%emt 0:00:05]} 20. Kxf2 {[%emt 0:00:00]} Qxb4 {[%emt 0:00:22]} 21. Ra4 {[%emt 0:00:00]} Qb3 {[%emt 0:05:02]} 22. Qxb3 {[%emt 0:00:00]} Bxb3 23. Rxa7 {[%emt 0:00:02]} Kc7 {[%emt 0:02:29]} 24. Nd6 {[%emt 0:01:44]} Rxd6 {[%emt 0:07:10]} 25. cxd6+ {[%emt 0:00:10]} Kxd6 {[%emt 0:00:02]} 26. Rxb7 {[%emt 0:00:20]} Be6 {[%emt 0:04:36]} 27. Bf3 {[%emt 0:02:04]} Rc8 28. Kg3 c5 {[%emt 0:17:42]} 29. Bg4 {[%emt 0:00:43]} g6 {[%emt 0:02:38]} 30. Rf6 {[%emt 0:00:52]} Ke5 {[%emt 0:00:58]} 31. Re7 {[%emt 0:00:26]} Rc6 {[%emt 0:02:08]} 32. Rfxf7 {[%emt 0:00:40]} 1-0

[Event "7. Arber-Senioren-Cup 2019"]
[Site "Bodenmais"]
[Date "2019.07.30"]
[Round "4.12"]
[White "Meckel, Helmut"]
[Black "Limberg, Siegfried"]
[Result "0-1"]
[WhiteElo "1804"]
[BlackElo "1983"]
[Annotator "NA"]
[PlyCount "104"]
[EventDate "2019.07.27"]
[EventType "swiss"]
[EventCountry "GER"]
[SourceTitle "playchess.com"]
[Source "ChessBase"]
[SourceQuality "1"]
[TimeControl "5400+30"]

1. b4 {[%emt 0:00:00]} e5 {[%emt 0:00:00]} 2. Bb2 {[%emt 0:00:00]} d6 {[%emt 0:00:00]} 3. c4 {[%emt 0:00:00]} Nf6 {[%emt 0:00:00]} 4. e3 {[%emt 0:00:00]} Bf5 {[%emt 0:00:00]} 5. Nf3 {[%emt 0:00:00]} Nbd7 {[%emt 0:00:00]} 6. d4 {[%emt 0:00:00]} e4 {[%emt 0:00:00]} 7. Nfd2 {[%emt 0:00:00]} d5 {[%emt 0:00:00]} 8. cxd5 {[%emt 0:00:00]} Bxb4 {[%emt 0:00:00]} 9. Qb3 {[%emt 0:00:00]} Bxd2+ {[%emt 0:00:00]} 10. Nxd2 {[%emt 0:00:00]} Nb6 {[%emt 0:00:00]} 11. Bb5+ {[%emt 0:00:00]} Bd7 {[%emt 0:00:00]} 12. Ba3 {[%emt 0:00:00]} a6 {[%emt 0:03:48]} 13. Bxd7+ {[%emt 0:00:00]} Qxd7 {[%emt 0:01:55]} 14. d6 {[%emt 0:00:00]} Qb5 {[%emt 0:06:29]} 15. dxc7 {[%emt 0:00:00]} Qxb3 {[%emt 0:00:51]} 16. axb3 {[%emt 0:00:00]} Kd7 {[%emt 0:00:35]} 17. Rc1 {[%emt 0:00:00]} Rac8 {[%emt 0:01:53]} 18. Ke2 {[%emt 0:00:00]} Rxc7 {[%emt 0:01:05]} 19. Rxc7+ {[%emt 0:00:00]} Kxc7 {[%emt 0:00:06]} 20. Rc1+ {[%emt 0:00:00]} Kd7 {[%emt 0:00:37]} 21. Nc4 {[%emt 0:00:00]} Nbd5 {[%emt 0:05:14]} 22. Ne5+ {[%emt 0:00:00]} Ke6 {[%emt 0:00:45]} 23. f3 {[%emt 0:00:00]} g5 {[%emt 0:02:11]} 24. fxe4 {[%emt 0:00:00]} Nxe4 {[%emt 0:00:25]} 25. Nd3 {[%emt 0:00:00]} Ndc3+ {[%emt 0:08:13]} 26. Ke1 {[%emt 0:00:13]} Nd5 {[%emt 0:02:39]} 27. Nc5+ {[%emt 0:01:54]} Nxc5 {[%emt 0:00:13]} 28. Rxc5 {[%emt 0:00:04]} f5 {[%emt 0:01:26]} 29. g4 Rd8 30. Bb2 {[%emt 0:08:45]} b6 {[%emt 0:04:12]} 31. gxf5+ {[%emt 0:04:53]} Kxf5 {[%emt 0:00:16]} 32. Rc6 {[%emt 0:00:23]} Nb4 {[%emt 0:04:03]} 33. Rc3 {[%emt 0:03:00]} Ke4 {[%emt 0:00:21]} 34. Ke2 {[%emt 0:05:23]} Nd5 {[%emt 0:02:35]} 35. Rc6 {[%emt 0:00:33]} Re8 {[%emt 0:01:02]} 36. Bc1 {[%emt 0:04:36]} a5 {[%emt 0:01:08]} 37. Bd2 {[%emt 0:08:16]} Re7 {[%emt 0:01:47]} 38. Rh6 {[%emt 0:05:00]} Kf5 {[%emt 0:03:02]} 39. Kd3 {[%emt 0:00:39]} Nf6 {[%emt 0:00:26]} 40. h3 {[%emt 0:01:55]} Rd7 {[%emt 0:01:41]} 41. Bc3 {[%emt 0:02:47]} Re7 {[%emt 0:01:06]} 42. e4+ {[%emt 0:06:44]} Nxe4 {[%emt 0:00:57]} 43. Rxb6 {[%emt 0:00:07]} Nxc3 {[%emt 0:04:27]} 44. Kxc3 {[%emt 0:01:28]} Re3+ {[%emt 0:00:04]} 45. Kc4 {[%emt 0:00:19]} Rxh3 {[%emt 0:00:15]} 46. Rb5+ {[%emt 0:00:13]} Kf4 {[%emt 0:00:26]} 47. Rxa5 {[%emt 0:00:18]} g4 {[%emt 0:00:11]} 48. Ra7 {[%emt 0:04:01]} g3 {[%emt 0:00:21]} 49. Rf7+ {[%emt 0:00:37]} Ke3 {[%emt 0:00:13]} 50. d5 {[%emt 0:01:44]} Rh6 {[%emt 0:00:09]} 51. Rf1 {[%emt 0:04:52]} g2 {[%emt 0:00:10]} 52. Rb1 {[%emt 0:01:32]} Rh1 {[%emt 0:00:19]} 0-1

[Event "7. Arber-Senioren-Cup 2019"]
[Site "Bodenmais"]
[Date "2019.07.30"]
[Round "4.14"]
[White "Berger, Siegfried"]
[Black "Steiger, Michael"]
[Result "0-1"]
[WhiteElo "1548"]
[BlackElo "2016"]
[Annotator "NA"]
[PlyCount "40"]
[EventDate "2019.07.27"]
[EventType "swiss"]
[EventCountry "GER"]
[SourceTitle "playchess.com"]
[Source "ChessBase"]
[SourceQuality "1"]
[TimeControl "5400+30"]

1. e4 {[%emt 0:00:00]} c5 {[%emt 0:00:00]} 2. Nf3 {[%emt 0:00:00]} e6 {[%emt 0:00:00]} 3. d4 {[%emt 0:00:00]} cxd4 {[%emt 0:00:00]} 4. Nxd4 {[%emt 0:00:00]} a6 {[%emt 0:00:00]} 5. Nc3 {[%emt 0:00:00]} Qc7 {[%emt 0:00:00]} 6. a3 {[%emt 0:00:00]} Nf6 {[%emt 0:00:00]} 7. Bg5 {[%emt 0:00:00]} Be7 {[%emt 0:00:00]} 8. Bd3 {[%emt 0:00:00]} d6 {[%emt 0:00:00]} 9. Qe2 {[%emt 0:00:00]} Nbd7 {[%emt 0:00:00]} 10. f4 {[%emt 0:00:00]} h6 {[%emt 0:00:00]} 11. Bh4 {[%emt 0:00:00]} Nxe4 {[%emt 0:00:00]} 12. Bxe7 {[%emt 0:00:00]} Nxc3 {[%emt 0:00:00]} 13. Qg4 {[%emt 0:00:00]} Kxe7 {[%emt 0:00:00]} 14. O-O {[%emt 0:00:36]} Nf6 {[%emt 0:00:00]} 15. Qxg7 {[%emt 0:02:28]} Rg8 {[%emt 0:00:00]} 16. Nf5+ {[%emt 0:05:35]} exf5 {[%emt 0:00:00]} 17. Rfe1+ {[%emt 0:00:45]} Be6 {[%emt 0:00:00]} 18. Qxh6 {[%emt 0:01:23]} Nce4 {[%emt 0:00:40]} 19. Qh3 {[%emt 0:02:13]} Rg3 {[%emt 0:03:36]} 20. Qh4 {[%emt 0:04:10]} Qc5+ {[%emt 0:00:30]} 0-1

[Event "7. Arber-Senioren-Cup 2019"]
[Site "Bodenmais"]
[Date "2019.07.30"]
[Round "4.15"]
[White "Korte, Markus"]
[Black "Klimpel, Siegfried"]
[Result "1-0"]
[WhiteElo "2028"]
[BlackElo "1843"]
[Annotator "NA"]
[PlyCount "40"]
[EventDate "2019.07.27"]
[EventType "swiss"]
[EventCountry "GER"]
[SourceTitle "playchess.com"]
[Source "ChessBase"]
[SourceQuality "1"]
[TimeControl "5400+30"]

1. e4 {[%emt 0:00:00]} c5 {[%emt 0:00:00]} 2. c3 {[%emt 0:00:00]} Nf6 {[%emt 0:00:00]} 3. e5 {[%emt 0:00:00]} Nd5 {[%emt 0:00:00]} 4. Nf3 {[%emt 0:00:00]} Nc6 {[%emt 0:00:00]} 5. d4 {[%emt 0:00:00]} e6 {[%emt 0:00:00]} 6. Bc4 {[%emt 0:00:00]} Nb6 {[%emt 0:00:00]} 7. Bd3 {[%emt 0:00:00]} d5 {[%emt 0:00:00]} 8. exd6 {[%emt 0:00:00]} Bxd6 {[%emt 0:00:00]} 9. O-O {[%emt 0:00:00]} Qc7 {[%emt 0:00:00]} 10. dxc5 {[%emt 0:00:00]} Bxc5 {[%emt 0:00:00]} 11. Nbd2 {[%emt 0:00:00]} Bd7 {[%emt 0:00:00]} 12. Ne4 {[%emt 0:00:00]} Be7 {[%emt 0:00:00]} 13. Re1 {[%emt 0:00:00]} O-O-O {[%emt 0:00:00]} 14. Qe2 {[%emt 0:05:07]} f6 {[%emt 0:00:00]} 15. a4 {[%emt 0:06:35]} g5 {[%emt 0:04:52]} 16. b4 {[%emt 0:01:55]} Ne5 {[%emt 0:01:13]} 17. Nxe5 {[%emt 0:04:29]} Qxe5 {[%emt 0:00:53]} 18. Be3 {[%emt 0:02:41]} Kb8 {[%emt 0:11:08]} 19. Bd4 {[%emt 0:03:06]} Qf4 {[%emt 0:31:24]} 20. g3 {[%emt 0:09:15]} Qc7 1-0

[Event "7. Arber-Senioren-Cup 2019"]
[Site "Bodenmais"]
[Date "2019.07.30"]
[Round "4.16"]
[White "Benischek, Wolfgang"]
[Black "Peglau, Markus"]
[Result "1/2-1/2"]
[WhiteElo "2022"]
[BlackElo "1849"]
[Annotator "NA"]
[PlyCount "35"]
[EventDate "2019.07.27"]
[EventType "swiss"]
[EventCountry "GER"]
[SourceTitle "playchess.com"]
[Source "ChessBase"]
[SourceQuality "1"]
[TimeControl "5400+30"]

1. e4 {[%emt 0:00:00]} c6 {[%emt 0:00:00]} 2. f4 {[%emt 0:00:00]} d5 {[%emt 0:00:00]} 3. exd5 {[%emt 0:00:00]} cxd5 {[%emt 0:00:00]} 4. Nf3 {[%emt 0:00:00]} Nf6 {[%emt 0:00:00]} 5. d4 {[%emt 0:00:00]} Nc6 {[%emt 0:00:00]} 6. Bd3 {[%emt 0:00:00]} g6 {[%emt 0:00:00]} 7. O-O {[%emt 0:00:00]} Bg7 {[%emt 0:00:00]} 8. c3 {[%emt 0:00:00]} Bf5 {[%emt 0:00:00]} 9. Qe2 {[%emt 0:00:00]} Bxd3 {[%emt 0:00:00]} 10. Qxd3 {[%emt 0:00:00]} e6 {[%emt 0:00:00]} 11. Nbd2 {[%emt 0:00:00]} O-O {[%emt 0:00:00]} 12. Ne5 {[%emt 0:00:00]} Qc7 {[%emt 0:00:00]} 13. Kh1 {[%emt 0:00:00]} Rab8 {[%emt 0:00:00]} 14. a4 {[%emt 0:00:00]} Rbc8 {[%emt 0:00:00]} 15. Qf3 {[%emt 0:00:00]} a6 {[%emt 0:00:00]} 16. g4 {[%emt 0:00:00]} Ne7 {[%emt 0:03:25]} 17. Qg2 {[%emt 0:00:17]} b5 {[%emt 0:07:06]} 18. Ndf3 {[%emt 0:05:48]} 1/2-1/2